000 00290nam a2200097Ia 4500
001 650230
005 20250826154355.0
008 250824s9999 xx 000 0 und d
245 0 _aSEÇME HİKAYELER ÖMER SEYFETTİN ANTİK OKUL KLASİ
_cÖMER SEYFETTİN
260 _bANTİK DÜNYA KLASİKLERİ
999 _c650230
_d650230